| 000 | 01476nam a2200337Ia 4500 | ||
|---|---|---|---|
| 001 | ebr10284060 | ||
| 003 | CaPaEBR | ||
| 006 | m u | ||
| 007 | cr cn||||||||| | ||
| 008 | 040128r20041980nju sb 001 0 eng d | ||
| 010 | _z 2004044329 | ||
| 020 | _z0691118493 (pb : alk. paper) | ||
| 020 | _z9780691118499 (pb : alk. paper) | ||
| 040 |
_aCaPaEBR _cCaPaEBR |
||
| 035 | _a(OCoLC)646805513 | ||
| 050 | 1 | 4 |
_aQ127.F8 _bG53 2004eb |
| 082 | 0 | 4 |
_a509/.44 _222 |
| 100 | 1 | _aGillispie, Charles Coulston. | |
| 240 | 1 | 0 | _aScience and polity in France at the end of the old regime |
| 245 | 1 | 0 |
_aScience and polity in France _h[electronic resource] : _bthe end of the old regime / _cCharles Coulston Gillispie. |
| 260 |
_aPrinceton, N.J. : _bPrinceton University Press, _c[2004] |
||
| 300 | _axii, 601 p. | ||
| 500 | _aOriginally published: Science and polity in France at the end of the Old Regime. Princeton, N.J. : Princeton University Press, c1980. | ||
| 504 | _aIncludes bibliographical references and index. | ||
| 533 |
_aElectronic reproduction. _bPalo Alto, Calif. : _cebrary, _d2009. _nAvailable via World Wide Web. _nAccess may be limited to ebrary affiliated libraries. |
||
| 650 | 0 |
_aScience and state _zFrance. |
|
| 650 | 0 |
_aScience _zFrance _xHistory. |
|
| 655 | 7 |
_aElectronic books. _2local |
|
| 710 | 2 | _aebrary, Inc. | |
| 856 | 4 | 0 |
_uhttp://site.ebrary.com/lib/rucke/Doc?id=10284060 _zAn electronic book accessible through the World Wide Web; click to view |
| 999 |
_c2501 _d2501 |
||